Sistemática de la medicina interna / (Record no. 116002)

MARC details
000 -LEADER
campo de control de longitud fija 00703nam a2200217 i 4500
001 - NÚMERO DE CONTROL
campo de control 116002
003 - IDENTIFICADOR DE NÚMERO DE CONTROL
campo de control ES-MaACL
005 - FECHA Y HORA DE LA ÚLTIMA TRANSACCIÓN
campo de control 20250806014156.0
007 - CAMPO FIJO DE DESCRIPCIÓN FÍSICA--INFORMACIÓN GENERAL
campo de control de longitud fija t|
008 - DATOS DE LONGITUD FIJA--INFORMACIÓN GENERAL
campo de control de longitud fija 061121s1970 sp af |||| | spa d
100 1# - ENTRADA PRINCIPAL--NOMBRE DE PERSONA
Nombre de persona Overzier, Claus.
9 (RLIN) 88011
245 10 - MENCIÓN DEL TÍTULO
Título Sistemática de la medicina interna /
Mención de responsabilidad, etc. Claus Overzier ; prólogo A. Balcells Gorina ; versión, J. Salvo Legarre.
250 ## - MENCION DE EDICION
Mención de edición 1ª ed.
260 ## - PUBLICACIÓN, DISTRIBUCIÓN, ETC.
Lugar de publicación, distribución, etc. Barcelona :
Nombre del editor, distribuidor, etc. Toray,
Fecha de publicación, distribución, etc. 1970.
300 ## - DESCRIPCIÓN FÍSICA
Extensión XII, 451 p., lam. I-III con 2 gráf. :
Otras características físicas il. ;
Dimensiones 22 cm.
650 07 - PUNTO DE ACCESO ADICIONAL DE MATERIA--TÉRMINO DE MATERIA
Término de materia o nombre geográfico como elemento de entrada Medicina interna
Fuente del encabezamiento o término embne
9 (RLIN) 14925
700 1# - ENTRADA AGREGADA--NOMBRE PERSONAL
Nombre de persona Balcells Gorina, A.
9 (RLIN) 24868
700 1# - ENTRADA AGREGADA--NOMBRE PERSONAL
Nombre de persona Salvo Legarre, J.
9 (RLIN) 102139
852 ## - LOCALIZACIÓN
Ubicación ES-MaACL
Número de control de estantería C-38502
Holdings
Estatus retirado Estado de pérdida Estado de daño No para préstamo Biblioteca de origen Biblioteca actual Ubicación en estantería Fecha de adquisición Fuente de adquisición Total de préstamos Signatura topográfica completa Código de barras Visto por última vez Precio de reemplazo Tipo de ítem Koha
        Biblioteca del Ateneo de Madrid Biblioteca del Ateneo de Madrid Depósito 2 17/01/2008     C-38502 1120969 23/02/2023 23/02/2023 Libro impreso